| 000 | 02224cam a22004694i 4500 | ||
|---|---|---|---|
| 003 | PE-LiUPU | ||
| 005 | 20250731184523.0 | ||
| 008 | 150617s r 000 0 d | ||
| 035 | _a(Sirsi) a18790 | ||
| 040 |
_aPE-LiUPU _bspa _cPE-LiUPU _erda |
||
| 049 | _aPRUA | ||
| 082 | 0 | 4 |
_a985.11 _bC26 _221 |
| 100 | 1 |
_aCarlín Arce, Jorge, _eautor. |
|
| 245 | 1 | 0 |
_aAntología documental del departamento de Tumbes / _cJorge Carlín Arce. |
| 264 | 1 |
_aLima : _bMinisterio de Guerra, _c1977. |
|
| 300 |
_a339 páginas ; _cbstraciones , |
||
| 336 |
_atext _2rdacontent |
||
| 337 |
_aunmediated _2rdamedia |
||
| 338 |
_avolume _2rdacarrier |
||
| 505 | 0 | _aSíntesis histórica del departamento de Tumbes -- Tumbes moderno -- Tumbes en compendio y descripción de las Indias Occidentales -- Tumbes: posible punto de partida de la expedición marítima de Túpac Yupanqui -- Viaje de Jorge Juan y Antonio Ulloa a Tumbes -- Estudios sobre Tumbes realizados por Antonio Raimondi -- Memoria del sub-prefecto de Tumbes de 1874 -- Datos generales de la provincia de Tumbes en 1984 -- Extractos de la memoria del presidente de la Corte Superior de Piura -- Alocución -- Provincia litoral de Tumbes -- Jacinto Seminario -- Partida de defunción de Jacinto Seminario -- Tumbes está en deuda con Jacinto Seminario -- Fundamentación del Proyecto de creación del Departamento de Tumbes. | |
| 526 | _aP136 | ||
| 526 | _aP135 | ||
| 526 | _aP134 | ||
| 526 | _aP133 | ||
| 526 | _aP144 | ||
| 526 | _aP143 | ||
| 526 | _aP87 | ||
| 526 | _aP35 | ||
| 526 | _aP20 | ||
| 526 | _aP14 | ||
| 526 | _aP10 | ||
| 526 | _aP06 | ||
| 651 | 4 |
_aTumbes (Perú: Departamento) _xHistoria _vFuentes. |
|
| 651 | 4 |
_aTumbes (Perú: Departamento) _xDescripción y viajes. |
|
| 910 |
_ajck _bjvq _cjck _d20150616 |
||
| 942 |
_2ddc _cBOOK |
||
| 949 |
_a985.11 C26 _wDEWEY _c1 _i15840 _lCCODEBUL1 _mBUL _p00.00 _r0 _sY _tBOOK _u19780523 _xEDUCACION _zUNKNOWN _0COMPRA _o.STAFF. Colección General |
||
| 994 |
_aC0 _bPEPRU |
||
| 596 | _a1 | ||
| 999 |
_a985.11 C26 _wDEWEY _c18521 _i15840 _f2021-11-8 _g5 _lCCODEBUL1 _mBUL _r0 _sY _tBOOK _u2015-6-17 _xBIBLIOTECA _zUNKNOWN _0COMPRA _o.STAFF. Colección General _d18521 |
||
| 980 |
_81 _gALBERTO SANCHEZ Responsable de Automatización |
||